UBT Library

Endocrinology / (Record no. 43242)

000 -LEADER
fixed length control field 00567pam a2200229 a 4500
001 - CONTROL NUMBER
control field 532035
005 - DATE AND TIME OF LATEST TRANSACTION
control field 20180223071124.0
008 - FIXED-LENGTH DATA ELEMENTS--GENERAL INFORMATION
fixed length control field 870824s1988 njua b 001 0 eng c
010 ## - LIBRARY OF CONGRESS CONTROL NUMBER
LC control number 87007328
020 ## - INTERNATIONAL STANDARD BOOK NUMBER
International Standard Book Number 0132770547
040 ## - CATALOGING SOURCE
Original cataloging agency DNLM/DLC
Transcribing agency DLC
Modifying agency DLC
041 ## - LANGUAGE CODE
Language code of text/sound track or separate title eng
060 ## - NATIONAL LIBRARY OF MEDICINE CALL NUMBER
Classification number WK 100 H131e
080 ## - UNIVERSAL DECIMAL CLASSIFICATION NUMBER
Universal Decimal Classification number 599.0142 HAD
082 00 - DEWEY DECIMAL CLASSIFICATION NUMBER
Classification number 599.0142 HAD
Edition number 19
100 1# - Rafti
Rafti 3
101 ## - Shkurtesa
Shkurtesa SHM
245 10 - TITLE STATEMENT
Title Endocrinology /
Statement of responsibility, etc Mac E. Hadley.
504 ## - BIBLIOGRAPHY, ETC. NOTE
Bibliography, etc Bibliography: p. 532-534.
906 ## - LOCAL DATA ELEMENT F, LDF (RLIN)
a 7
b cbc
c orignew
d 1
e ocip
f 19
g y-gencatlg
942 ## - ADDED ENTRY ELEMENTS (KOHA)
Source of classification or shelving scheme
Item type Books
Holdings
Withdrawn status Lost status Source of classification or shelving scheme Damaged status Not for loan Collection code Permanent location Current location Shelving location Date acquired Total Checkouts Full call number Barcode Date last seen Price effective from Koha item type
          Koleksioni i përgjithshem UBT - Lipjan UBT - Lipjan Koleksioni i përgjithshem 02/23/2018   599.0142 HAD 002-2999568 02/23/2018 02/23/2018 Books
UBT Library © 2015-2024. All rights reserved University Education for Business and Technology